LEADER 01054naa a2200241 u 4500 001 000000094544 003 CaOOAMICUS 005 20070226130139.0 008 040503s1971 gw u000 u ger u 020 $a3110023954 035 $a10993138 040 $aIAR$bita 100 1 $aDörrie, Heinrich,$d1911-1983.$0(OLS)http://pul/name/21348 245 10$aPorphyrius als Mittler zwischen Plotin und Augustin /$cHeinrich Dörrie. 250 $a2. durchgesehene Aufl. 260 $aBerlin :$bW. Gruyter,$c1971. 300 $aS. 26-47, ;$c25 cm 600 04$aPorphyrius Tyrius,$d232/233-305?.$0(OLS)http://pul/subject/8122 773 0 $aAntike und Orient im Mittelalter : Vorträge der Kölner Mediävistentagungen 1956-1959. 773 0 $tAntike und Orient im Mittelalter : Vorträge der Kölner Mediaevistentagungen 1956-1959$w()66747 996 $6020$a3110023954$9(OLS)http://pul/number/86584 996 $6245$aPorphyrius als Mittler zwischen Plotin und Augustin$9(OLS)http://pul/title/121412 996 $6260$aBerlin :$bW. Gruyter$9(OLS)http://pul/publisher/71440 LEADER 01218nam a2200277 u 4500 001 000000061459 003 CaOOAMICUS 005 20070226121027.0 008 010907s1967 it u000 u ita u 035 $a10901810 040 $aPUL(R)$bita 100 1 $aLebret, Louis Joseph,$cO.P.,$d1897-1966.$0(OLS)http://pul/name/41944 245 10$aDéveloppement = révolution solidaire /$cLouis-Joseph Lebret ; avec la collaboration de R. Delprat, M.F. Desbruyères. 260 $aParis :$bLes éd. Ouvrières,$cc1967. 300 $a191 p. ;$c21 cm 500 $aContiene indici. 650 4$aChiesa e questioni sociali.$0(OLS)http://pul/subject/1339 650 4$aFilosofia e scienze sociali.$0(OLS)http://pul/subject/8503 700 1 $aDesbruyères, M.F.$0(OLS)http://pul/name/41946 700 1 $aDelprat, R.$0(OLS)http://pul/name/41945 850 $aPUL 852 $aPUL$W1$xDP1 Cons. Gen., Altre Classi 1$y22$m44 N 4$j80074$nBK-PRI$b $qStampati$B80074$CPULBib$Z2$F80074 $H $81 941 1 $a8 961 $aINV: 40583 996 $6245$aDéveloppement = révolution solidaire$9(OLS)http://pul/title/82055 996 $6260$aParis :$bLes éd. Ouvrières$9(OLS)http://pul/publisher/70066